| 000 | 00576cam a2200205 i 4500 | ||
|---|---|---|---|
| 999 |
_c118005 _d118005 |
||
| 001 | 20114356 | ||
| 005 | 20200728105013.0 | ||
| 008 | 171101s2019 maua 001 0 eng | ||
| 020 | _a9780134756998 (hbk.) | ||
| 040 | _cPK-LaUMT | ||
| 082 | 0 | 0 |
_a512.9 _223 _bLEH-E |
| 100 | 1 | _aLehmann, Jay | |
| 245 | 1 | 0 |
_aElementary algebra : _bgraphs & authentic applications / _cby Jay Lehmann |
| 250 | _a3rd ed. | ||
| 260 |
_aNew York : _bPearson, _c2019 |
||
| 300 |
_axxv, 692 p. : _bcolor illustrations ; _c29 cm |
||
| 500 | _aIncludes indexes. | ||
| 650 | 0 | _aAlgebra | |
| 942 | _cBK | ||